000 00735na a2200253 4500
001 13346
003 MIRAKIL
005 20181213154908.0
008 161010b tu 000 0
020 _a9751904269
035 _a13346
040 _aMilas
_btur
_cTR-AnCHP
041 _atur
082 _a306.85
_bA86 1991
090 _a306.85 A86 1991
245 _aAvrupa Topluluğu ülkelerinde aile politikası
_cDerleyen W. Dumon
260 _aAnkara
_bAile Araştırma Kurumu Başkanlığı
_c1991
300 _axiii, 205 s.
_btbl.
_c24 sm.
490 _aBilim serisi
_v8
490 _aAile Araştırma Kurumu Başkanlığı yayınları
_v69
650 _aAile politikası
_zAvrupa
700 _aDumon, W.
942 _2ddc
_cBKS
999 _c2732
_d2732